| 000 | 00776cam a22002411 4500 | ||
|---|---|---|---|
| 001 | 143713 | ||
| 003 | SpMaBN | ||
| 005 | 20240129115649.0 | ||
| 008 | 981210s1972 sp spa | ||
| 016 | 7 |
_abimoBNE20000199458 _zIND9800832868 _2SpMaBN |
|
| 017 |
_aM 15327-1972 _bOficina Depósito Legal Madrid |
||
| 035 | _a(OCoLC)432724576 | ||
| 040 |
_aSpMaBN _bspa _cCDM _dES-MaACL |
||
| 080 | _a860-311.2"19" | ||
| 100 | 0 |
_aSeva Moscat, José _0XX1438138 _9105911 |
|
| 245 | 1 | 0 | _aHombres y Bancos |
| 260 |
_aMadrid : _bJos Mos, _c[1972] |
||
| 300 |
_a249 p., 1 h. ; _c19 cm |
||
| 650 | 7 |
_9148763 _aLiteratura española _yS.XX |
|
| 852 |
_aES-MaACL _bR.82326 _jC-51371 _cDEPO2 _9148904 |
||
| 942 |
_2udc _cMONOGRAFIA |
||
| 999 |
_c143713 _d143713 |
||